Los contrabandistas / (Record no. 31720)

MARC details
000 -LEADER
campo de control de longitud fija 00602nam a2200217 i 4500
001 - NÚMERO DE CONTROL
campo de control 31720
003 - IDENTIFICADOR DE NÚMERO DE CONTROL
campo de control ES-MaACL
005 - FECHA Y HORA DE LA ÚLTIMA TRANSACCIÓN
campo de control 20230906154430.0
007 - CAMPO FIJO DE DESCRIPCIÓN FÍSICA--INFORMACIÓN GENERAL
campo de control de longitud fija t|
008 - DATOS DE LONGITUD FIJA--INFORMACIÓN GENERAL
campo de control de longitud fija 030130s1957 sp ||||1| spa d
100 1# - ENTRADA PRINCIPAL--NOMBRE DE PERSONA
Nombre de persona Baum, Vicki.
9 (RLIN) 26577
245 14 - MENCIÓN DEL TÍTULO
Título Los contrabandistas /
Mención de responsabilidad, etc. Vicki Baum ; [traducción de José Clementi].
250 ## - MENCION DE EDICION
Mención de edición [1ª ed.].
260 ## - PUBLICACIÓN, DISTRIBUCIÓN, ETC.
Lugar de publicación, distribución, etc. Barcelona :
Nombre del editor, distribuidor, etc. Planeta,
Fecha de publicación, distribución, etc. [1957] (
Fabricante Diamante)
300 ## - DESCRIPCIÓN FÍSICA
Extensión 283 p. ;
Dimensiones 19 cm.
490 1# - MENCIÓN DE SERIE
Mención de serie Luyve
700 1# - ENTRADA AGREGADA--NOMBRE PERSONAL
Nombre de persona Clementi, José.
9 (RLIN) 39213
830 0# - PUNTO DE ACCESO ADICIONAL DE SERIE-TÍTULO UNIFORME
Título uniforme Luyve
9 (RLIN) 181395
852 ## - LOCALIZACIÓN
Ubicación ES-MaACL
Número de control de estantería C-14420
Sublocalización o colección R.40744
Holdings
Estatus retirado Estado de pérdida Estado de daño No para préstamo Biblioteca de origen Biblioteca actual Ubicación en estantería Fecha de adquisición Fuente de adquisición Total de préstamos Signatura topográfica completa Código de barras Visto por última vez Precio de reemplazo Tipo de ítem Koha
        Biblioteca del Ateneo de Madrid Biblioteca del Ateneo de Madrid Ficheros 17/01/2008     C-14420 1032796 23/02/2023 23/02/2023 Libro impreso